Lo que hacen los mejores profesores de universidad / trad. por óscar barberá

Guardado en:
Autor Principal: Bain, Ken
Otros Autores: Barberá, Òscar, trad.
Formato: Libro
Publicado: Barcelona : Universitat de València, 2007
Materias:
Etiquetas: Agregar Etiqueta
Sin Etiquetas, Sea el primero en etiquetar este registro!
LEADER 00662nam a22002055a 4500
001 EHU.bham040985
003 AR-BHAM
005 20140526181357.0
008 130507s2007##################000#0#####d
020 |a 9788437066691 
082 3 7 |a 378 
100 1 |a Bain, Ken 
245 1 0 |a Lo que hacen los mejores profesores de universidad /  |b trad. por óscar barberá  |c  Ken Bain : 
260 |a Barcelona :  |b  Universitat de València,  |c 2007 
300 |a 229 p. 
653 |a Educación-estudios 
653 |a Educación universitaria 
653 |a Educación-enseñanza 
700 1 |a Barberá, Òscar, trad. 
859 |a AR-BHAM  |b BIB. HUMANIDADES - General  |h 378  |i B16  |p 201.11  |t Ej.1